Statistics for Random abbreviations

Click here to take the quiz!

General Stats

  • This quiz has been taken 23 times
  • The average score is 6 of 8

Answer Stats

abbreviationFull word% Correct
BFboyfriend
100%
BTWby the way
100%
DIYdo it yourself
100%
F2Fface to face
100%
GFgirlfriend
100%
IDCI don't care
100%
LMAOlaugh my ass off/laughing my ass off
100%
NPno problem
100%
OMGoh my god
100%
THX/TNXthanks
100%
TYthank you
100%
TYSMthank you so much
100%
TBHto be honest
100%
Uyou
100%
NVMnevermind
75%
ILYI love you
67%
LMKlet me know
67%
ROFLRolling on floor laughing
67%
ICYMIIn case you missed it
50%
SMHshaking my head
33%
AKAAlso known as
0%
ASAPas soon as possible
0%
CTAcall to action
0%
QTcutie
0%
EODEnd of day
0%
FAQFrequently asked question
0%
IDKI don't know
0%
IMUI miss you
0%
IMOin my opinion
0%
LOLlough out loud
0%
RNright now
0%

Score Distribution

Percentile by Number Answered

Percent of People with Each Score

Your Score History

You have not taken this quiz